000 00327nam a2200097Ia 4500
008 220120s9999||||xx |||||||||||||| ||und||
100 _aDhanyakumar B.G and others
_912669
245 0 _aImprovement of four wheel vehicles steering system using mic
260 _aCoorg Institute of Technology
_bPonnampet
_c2017
650 _aMECHANICAL
999 _c138268
_d138268